000 01825nam a2200241Ia 4500
003 OSt
005 20251206104516.0
008 210719s2020 xx 000 0 und d
020 _a978-93-90490-97-4
040 _cAL
041 _aKannada
082 _aK894.301 JOGN
100 _aJOGI
_dಜೋಗಿ
_9248107
245 _aNura entu: naku dashakada kategalu
_b108: ನಾಕು ದಶಕದ ಕತೆಗಳು
260 _aBengaluru
_bSapna Buk Haus
_c2020
300 _a541
_bHB
365 _b550
_cRs
520 _aಲೇಖಕ ಜೋಗಿ (ಗಿರೀಶ್ ರಾವ್ ಹತ್ವಾರ್) ಅವರ ಸುಮಾರು 4 ದಶಕದ ಕತೆಗಳನ್ನು ಒಂದೆಡೆ ಸೇರಿಸಿ ಓದುಗರಿಗೆ ನೀಡಿದ್ದೇ ಈ ಕೃತಿ -108 ನಾಕು ದಶಕದ ಕತೆಗಳು. ಜೋಗಿ ಅವರು ಮೂಲತಃ ಲೇಖಕರು,ಕಥೆಗಾರರು. ಕಳೆದ 4 ದಶಕದಿಂದ ಬರೆದ ಕತೆಗಳನ್ನಿಲ್ಲಿ ಸಂಗ್ರಹಿಸಿದ್ದು, ಕಥಾ ವಸ್ತು, ನಿರೂಪಣಾ ಶೈಲಿ, ಸನ್ನಿವೇಶಗಳ ಜೋಡಣೆ, ಪಾತ್ರಗಳ ಸೃಷ್ಟಿ, ಪರಿಣಾಮಕಾರಿ ಸಂಭಾಷಣೆ ಇತ್ಯಾದಿ ಸಾಹಿತ್ಯಕ ಅಂಶಗಳಿಂದ ಇಲ್ಲಿಯ ಕಥೆಗಳು ಗಮನ ಸೆಳೆಯುತ್ತದೆ. ಜೋಗಿ ಅವರು ಕಥಾ ಬರವಣಿಗೆಯ ದಾರಿಯಲ್ಲಿ ನಡೆದು ಬಂದ ವೈವಿಧ್ಮಮಯ ಅಂಶಗಳ ಅಧ್ಯಯನಕ್ಕೆ ಈ ಕೃತಿ ಸಹಕಾರಿಯಾಗಿದೆ.
650 _aKannada Fiction
_9248108
650 _aKannada literature
_9248109
906 _a108 ; dashakada ; entu: ; kategalu ; naku ; Nura
942 _2ddc
_cBK
999 _c211793
_d211793